LEADER 01537oam 2200397M 450 001 9910716134903321 005 20200213070930.7 035 $a(CKB)5470000002518768 035 $a(OCoLC)1065613230 035 $a(OCoLC)995470000002518768 035 $a(EXLCZ)995470000002518768 100 $a20071213d1926 ua 0 101 0 $aeng 135 $aurcn||||||||| 181 $ctxt$2rdacontent 182 $cc$2rdamedia 183 $acr$2rdacarrier 200 10$aConsideration of H.R. 12472 -- advancement in naval aeronautics. June 9, 1926. -- Referred to the House Calendar and ordered to be printed 210 1$a[Washington, D.C.] :$c[U.S. Government Printing Office],$d1926. 215 $a1 online resource (1 pages) 225 1 $aHouse report / 69th Congress, 1st session. House ;$vno. 1419 225 1 $a[United States congressional serial set] ;$v[serial no. 8537] 300 $aBatch processed record: Metadata reviewed, not verified. Some fields updated by batch processes. 300 $aFDLP item number not assigned. 606 $aNaval aviation 608 $aLegislative materials.$2lcgft 615 0$aNaval aviation. 701 $aSnell$b Bertrand Hollis$f1870-1958$pRepublican (NY)$01388514 801 0$bWYU 801 1$bWYU 801 2$bOCLCO 801 2$bOCLCQ 906 $aBOOK 912 $a9910716134903321 996 $aConsideration of H.R. 12472 -- advancement in naval aeronautics. June 9, 1926. -- Referred to the House Calendar and ordered to be printed$93484437 997 $aUNINA LEADER 06792nam 2200829 450 001 9910780670703321 005 20230912133339.0 010 $a1-281-99196-1 010 $a9786611991968 010 $a1-4426-7213-7 024 7 $a10.3138/9781442672130 035 $a(CKB)2430000000002012 035 $a(EBL)3257904 035 $a(SSID)ssj0000870175 035 $a(PQKBManifestationID)11461722 035 $a(PQKBTitleCode)TC0000870175 035 $a(PQKBWorkID)10818441 035 $a(PQKB)10206237 035 $a(SSID)ssj0000388294 035 $a(PQKBManifestationID)12120508 035 $a(PQKBTitleCode)TC0000388294 035 $a(PQKBWorkID)10423172 035 $a(PQKB)11217997 035 $a(CaBNvSL)thg00602301 035 $a(DE-B1597)464284 035 $a(OCoLC)944178391 035 $a(OCoLC)999367463 035 $a(DE-B1597)9781442672130 035 $a(Au-PeEL)EBL4671305 035 $a(CaPaEBR)ebr11257023 035 $a(OCoLC)647742606 035 $a(VaAlCD)20.500.12592/n9bf4s 035 $a(schport)gibson_crkn/2009-12-01/6/418818 035 $a(MiAaPQ)EBC4671305 035 $a(OCoLC)1382722705 035 $a(MdBmJHUP)musev2_104534 035 $a(MiAaPQ)EBC3257904 035 $a(EXLCZ)992430000000002012 100 $a20160923h20062006 uy 0 101 0 $aeng 135 $aur|n|---||||| 181 $ctxt 182 $cc 183 $acr 200 00$aCanadian annual review of politics and public affairs$h2000 /$fedited by David Mutimer 210 1$aToronto, [Ontario] ;$aBuffalo, [New York] ;$aLondon, [England] :$cUniversity of Toronto Press,$d2006. 210 4$dİ2006 215 $a1 online resource (328 p.) 225 0 $aCanadian Annual Review of Politics and Public Affairs 300 $aIncludes indexes. 311 $a0-8020-9089-3 327 $a""Contents""; ""Contributors""; ""Preface""; ""Canadian calendar""; ""Editor's introduction a??? the year in review""; ""The federal government, politics, and national institutions""; ""ELECTION 2000""; ""Early hints of a fall election""; ""Birth of the Canadian Conservative Reform Alliance""; ""A new day dawns""; ""By-elections: enter the leaders""; ""Fine-tuning the cabinet""; ""Crossing the floor: expulsions and defections""; ""The election call""; ""The field forms""; ""Parties and platforms""; ""On the hustings""; ""The debates""; ""Electoral outcome""; ""Fund-raising and expenditures"" 327 $a""Aftermath""""NATIONAL INSTITUTIONS""; ""Senate""; ""Auditor General""; ""ECONOMIC INDICATORS AND ISSUES""; ""Economic indicators""; ""Budget 2000""; ""The mini-budget""; ""The Bank of Canada""; ""Shake-out in mass media and telecommunications""; ""Bailout for NHL teams?""; ""FEDERAL a??? PROVINCIAL RELATIONS""; ""The Clarity Bill""; ""Health-care accord""; ""MAJOR POLICY FIELDS""; ""A thin legislative agenda""; ""Airline industry rules""; ""Licensing of the Canadian Broadcasting Corporation""; ""Same-sex legislation""; ""THE PASSING OF PIERRE TRUDEAU""; ""SCANDALS AND CONTROVERSIES"" 327 $a""Management of Human Resources Development Canada""""The Prime Minister's riding""; ""Lawsuit against Mr Day""; ""Without peer: Mr Black's lawsuit against the Prime Minister""; ""Canada in the world: foreign affairs and national defence""; ""FOREIGN AFFAIRS""; ""United States""; ""Illegal immigration""; ""World Trade Organization""; ""Asia-Pacific""; ""Middle East""; ""Europe""; ""International summitry and the developing world""; ""United Nations and human security""; ""DEFENCE POLICY""; ""National missile defence""; ""Reform and personnel management""; ""Defence budget and procurement"" 327 $a""CF operations of note""""Municipal affairs""; ""URBAN POLITICS AND LOCAL GOVERNMENT""; ""CITIES IN THE MARKETPLACE""; ""THE CULTURES OF CITIES""; ""REGIONAL GOVERNANCE""; ""LOCAL DEMOCRACY""; ""CITIES IN CONFEDERATION""; ""British Columbia""; ""PREMIER DOSANJH""; ""MR CLARK ON TRIAL""; ""MR CAMPBELL IN QUESTION""; ""SPEECH FROM THE THRONE""; ""HEALTH""; ""FORESTS""; ""BALANCED-BUDGET LAW""; ""NATURAL RESOURCES""; ""WILDLIFE""; ""ECONOMY""; ""Alberta""; ""BILL 11""; ""ENERGY AND REBATES: POWER POLITICS IN ACTION""; ""THE FLAT TAX BECOMES REALITY""; ""THE LEGISLATURE"" 327 $a""STOCKWELL DAY GOES NATIONAL""""THE FEDERAL ELECTION IN ALBERTA""; ""THE PARTIES""; ""THE ECONOMY""; ""MISCELLANEOUS""; ""Saskatchewan""; ""ELECTIONS""; ""Provincial by-election""; ""Federal election""; ""Municipal elections""; ""PROVINCIAL POLITICAL PARTIES""; ""New Democratic Party""; ""Liberal Party""; ""Saskatchewan Party""; ""Conservative Party""; ""Aboriginal parties""; ""FEDERAL POLITICAL PARTIES""; ""Liberal Party""; ""New Democratic Party""; ""Alliance Party""; ""Progressive Conservative Party""; ""THE LEGISLATURE AND GOVERNMENT""; ""The executive""; ""The Legislature"" 330 $aLong praised for its accuracy, readability, and insight, the Canadian Annual Review of Politics and Public Affairs offers a synoptic appraisal of the year's developments in Canadian politics. The first year of the new millennium saw a new conservative federal party born with the union of the Reform Party and disaffected federal Progressive Conservatives. Led by Stockwell Day, the Canadian Alliance was defeated by Jean Chretien's Liberals in the subsequent federal election. A second RCMP investigation into questionable job-creation grants in Chretien's home riding, however, hurt the Prime Minister's reputation. The Liberals' new cigarette-packaging requirements, featuring gruesome tobacco-related images meant to discourage smoking, were challenged by tobacco companies. As well, the issue of police racism was brought to the fore when two Saskatoon police officers were suspended over allegations they abandoned a Native man on a cold winter night without a coat. Additionally, Ontario's chief coroner announced an investigation into the deaths of nine people following an outbreak of E. Coli in Walkerton. The Canadian Annual Review is unique in its collection and presentation of the year in politics. The combination of the calendar and the text offers a superb, easy-access reference source for political events, both federal and provincial. 606 $aPublic administration$zCanada 606 $aPOLITICAL SCIENCE / Reference$2bisacsh 607 $aCanada$xPolitics and government$y20th century 608 $aElectronic books. 615 0$aPublic administration 615 7$aPOLITICAL SCIENCE / Reference. 676 $a320.97106 702 $aMutimer$b David 801 0$bMiAaPQ 801 1$bMiAaPQ 801 2$bMiAaPQ 906 $aBOOK 912 $a9910780670703321 996 $aCanadian annual review of politics and public affairs$93673146 997 $aUNINA LEADER 04341nam 22005895 450 001 9910299884403321 005 20251230064332.0 010 $a3-319-65636-8 024 7 $a10.1007/978-3-319-65636-6 035 $a(CKB)3710000001631015 035 $a(MiAaPQ)EBC4978969 035 $a(DE-He213)978-3-319-65636-6 035 $a(PPN)203852788 035 $a(EXLCZ)993710000001631015 100 $a20170816d2018 u| 0 101 0 $aeng 135 $aurcnu|||||||| 181 $2rdacontent 182 $2rdamedia 183 $2rdacarrier 200 10$aAdvances in Intelligent Networking and Collaborative Systems $eThe 9th International Conference on Intelligent Networking and Collaborative Systems (INCoS-2017) /$fedited by Leonard Barolli, Isaac Woungang, Omar Khadeer Hussain 205 $a1st ed. 2018. 210 1$aCham :$cSpringer International Publishing :$cImprint: Springer,$d2018. 215 $a1 online resource (603 pages) $cillustrations (some color), graphs, tables 225 1 $aLecture Notes on Data Engineering and Communications Technologies,$x2367-4520 ;$v8 311 08$a3-319-65635-X 320 $aIncludes bibliographical references at the end of each chapters and index. 330 $aThe aim of this book is to provide the latest research findings, innovative research results, methods and development techniques from both theoretical and practical perspectives related to intelligent social networks and collaborative systems, intelligent networking systems, mobile collaborative systems, secure intelligent cloud systems, etc., and to reveal synergies among various paradigms in the multi-disciplinary field of intelligent collaborative systems. It presents the Proceedings of the 9th International Conference on Intelligent Networking and Collaborative Systems (INCoS-2017), held on August 24?26, 2017 in Toronto, Canada. With the rapid evolution of the Internet, we are currently experiencing a shift from the traditional sharing of information and applications as the main purpose of the Web to an emergent paradigm that puts people at the very centre of networks and exploits the value of people?s connections, relations and collaborations. Social networks are also pla ying a major role in the dynamics and structure of intelligent Web-based networking and collaborative systems. Virtual campuses, virtual communities and organizations effectively leverage intelligent networking and collaborative systems by tapping into a broad range of formal and informal electronic relations, such as business-to-business, peer-to-peer and many types of online collaborative learning interactions, including the emerging e-learning systems. This has resulted in entangled systems that need to be managed efficiently and autonomously. In addition, the latest and powerful technologies based on Grid and wireless infrastructure as well as Cloud computing are now greatly enhancing collaborative and networking applications, but are also facing new issues and challenges. The principal objective of the research and development community is to stimulate research that leads to the creation of responsive environments for networking and, in the longer-term, the developmen t of adaptive, secure, mobile, and intuitive intelligent systems for collaborative work and learning. . 410 0$aLecture Notes on Data Engineering and Communications Technologies,$x2367-4520 ;$v8 606 $aComputational intelligence 606 $aArtificial intelligence 606 $aBig data 606 $aComputational Intelligence 606 $aArtificial Intelligence 606 $aBig Data 615 0$aComputational intelligence. 615 0$aArtificial intelligence. 615 0$aBig data. 615 14$aComputational Intelligence. 615 24$aArtificial Intelligence. 615 24$aBig Data. 676 $a004.6 702 $aBarolli$b Leonard$4edt$4http://id.loc.gov/vocabulary/relators/edt 702 $aWoungang$b Isaac$4edt$4http://id.loc.gov/vocabulary/relators/edt 702 $aHussain$b Omar Khadeer$4edt$4http://id.loc.gov/vocabulary/relators/edt 801 0$bMiAaPQ 801 1$bMiAaPQ 801 2$bMiAaPQ 906 $aBOOK 912 $a9910299884403321 996 $aAdvances in Intelligent Networking and Collaborative Systems$92542795 997 $aUNINA